| 000 | 00367nam a2200157Ia 4500 | ||
|---|---|---|---|
| 008 | 180921t2013 xxu||||| |||| 00| 0 eng d | ||
| 041 | _aeng | ||
| 080 |
_a8-32 _bGOM |
||
| 100 | _aGomesz, Beverley | ||
| 245 | _aSnapshot of Realism | ||
| 260 |
_b _aBalangoda _c2013 |
||
| 300 | _a68p, 24cm | ||
| 942 | _cBK | ||
| 999 |
_c9509 _d9509 |
||
| 003 | LK-CoDNM | ||
| 040 |
_aLK-CoDNM _dLK-CoDNM _eLK-CoDNM |
||